Statistics for Minecraft mobs

Click here to take the quiz!

General Stats

  • This quiz has been taken 33 times
    (18 since last reset)
  • The average score is 44 of 80

Answer Stats

Mob name% Correct
Zombie
100%
Cow
92%
Horse
92%
Pig
92%
Sheep
92%
Villager
92%
Creeper
83%
Enderman
83%
Skeleton
83%
Wolf
83%
Cat
75%
Chicken
75%
Ender Dragon
75%
Ghast
75%
Ocelot
75%
Piglin
75%
Pillager
75%
Wither
75%
Wither Skeleton
75%
Allay
67%
Blaze
67%
Cod
67%
Donkey
67%
Iron Golem
67%
Parrot
67%
Pufferfish
67%
Salmon
67%
Spider
67%
Witch
67%
Bat
58%
Bee
58%
Endermite
58%
Fox
58%
Hoglin
58%
Llama
58%
Mule
58%
Rabbit
58%
Shulker
58%
Slime
58%
Snow Golem
58%
Vex
58%
Warden
58%
Zombie Villager
58%
Axolotl
50%
Dolphin
50%
Evoker
50%
Glow Squid
50%
Magma Cube
50%
Piglin Brute
50%
Ravager
50%
Silverfish
50%
Squid
50%
Stray
50%
Tropical Fish
50%
Camel
42%
Drowned
42%
Guardian
42%
Husk
42%
Phantom
42%
Skeleton Horse
42%
Strider
42%
Turtle
42%
Vindicator
42%
Zoglin
42%
Zombie Horse
42%
Cave Spider
33%
Elder Guardian
33%
Frog
33%
Goat
33%
Mooshroom
33%
Panda
33%
Wandering Trader
33%
Zombified Piglin
33%
Armadillo
25%
Sniffer
25%
Tadpole
25%
Polar Bear
17%
Trader Llama
17%
Breeze
8%
Bogged
0%

Score Distribution

Percentile by Number Answered

Percent of People with Each Score

Your Score History

You have not taken this quiz since the last reset